A Century of technology,1851-1951 (Record no. 1784)

000 -LEADER
fixed length control field 00401nam a22001577a 4500
008 - FIXED-LENGTH DATA ELEMENTS--GENERAL INFORMATION
fixed length control field 200203b ||||| |||| 00| 0 eng d
082 00 - DEWEY DECIMAL CLASSIFICATION NUMBER
Classification number 609
Item number D926
100 ## - MAIN ENTRY--PERSONAL NAME
9 (RLIN) 1394
Personal name Dunsheath, Percy
245 10 - TITLE STATEMENT
Title A Century of technology,1851-1951
250 ## - EDITION STATEMENT
Edition statement 1st
260 ## - PUBLICATION, DISTRIBUTION, ETC. (IMPRINT)
Place of publication, distribution, etc London
Name of publisher, distributor, etc Hutchinson
Date of publication, distribution, etc 1951
300 ## - PHYSICAL DESCRIPTION
Extent ix,346p.
365 ## - TRADE PRICE
Unit of pricing 10.05
650 #0 - SUBJECT ADDED ENTRY--TOPICAL TERM
Topical term or geographic name as entry element Industries
942 ## - ADDED ENTRY ELEMENTS (KOHA)
Item type Books
Holdings
Withdrawn status Lost status Source of classification or shelving scheme Damaged status Not for loan Permanent location Current location Date acquired Source of acquisition Full call number Barcode Date last seen Koha item type
          IMU Kolkata IMU Kolkata 1953-02-25 A. H. Wheeler 609 D926 01511 2020-02-03 Books
          IMU Kolkata IMU Kolkata 1953-02-25 A. H. Wheeler 609 D926 01512 2020-02-03 Books
Designed and Maintained by IMU-KC Library, Kolkata Campus © Copyright All Rights Reserved

webs counters

Powered by Koha